000 01188cam a22002771i 4500
003 SA-RiAUC
005 20250520084250.0
008 250518s1994 ua g b 00000 ara c
040 _aSA-RiAUC
_bara
_cSA-RiAUC
_erda
082 0 4 _a189.18
_qSA-RiAUC
090 _a189.18
_b س ا ل
100 1 _aسالم، زكي
_eمؤلف.
245 1 2 _aالإنسان في فلسفة الغزالي وتصوفه /
_cإعداد زكي محمود عدل الدين سالم ؛ تقديم عاطف العراقي.
264 1 _aالقاهرة :
_bدار الفكر العربي،
_c1994
300 _a215 صفحة ؛
_c24 سم
336 _aنص
_btxt
_2rdacontent
_3كتاب
337 _aبدون وسيط
_bn
_2rdamedia
338 _aمجلد
_bnc
_2rdacarrier
504 _aببليوجرافية : صفحة 199-215.
600 1 7 _aالغزالي، محمد بن محمد بن محمد،
_cحجة الإسلام،
_d450-505 هجري
_2aucnm
650 7 _aالفلسفة الإسلامية
_2aucsh
650 7 _aالتصوف الإسلامي
_2aucsh
700 1 _aالعراقي، محمد عاطف،
_d1935-2012
_eمقدم.
942 _2ddc
_cBOOK
_n0
949 _aSA-JeALM
_d250518
_umohamedma123
_n1
999 _c8135
_d8135